| 000 | 00641nam a2200181 a 4500 | ||
|---|---|---|---|
| 005 | 20140412111309.0 | ||
| 008 | 010404s19uu xx 00 eng d | ||
| 020 | _a0-7445-3660-X | ||
| 050 |
_aTR(PS E _bFa22 1991 |
||
| 100 | _aWaddell, Martin | ||
| 245 |
_aFarmer duck / _cwritten by Martin ; illustrated by Helen Oxebury. |
||
| 260 |
_aLondon : _bWalker Books, _c1991. |
||
| 300 | _a1v. (unp.) ; ill. | ||
| 500 | _aWinner of the Smarties Book Prize; British Book Awards Children's Illustrated Book of the Year; Highly Commended for the Kate Greenaway Medal. | ||
| 650 | _aDucks-Stories | ||
| 650 | _aFarmers-Stories | ||
| 999 |
_c103913 _d103913 |
||